000 00913nac a22003017a 4500
001 BR9904493
003 BR-BrBNA
005 20240105122310.0
008 230509b bl.|||m| |||| 00| 0 por d
040 _aBR-BrBNA
_bpor
_cBiblioteca Nacional de Agricultura
072 _aQ04
090 _a5250 BR9904493
100 1 _aLima, J.R.
100 1 _aNassu, R.T.
100 1 _aSousa, M.P.
100 1 _aReis, J.P. dos
110 1 _aEMBRAPA Agroindustria Tropical, Fortaleza, CE (Brasil)
_93541
245 1 _aAnalise sensorial de carne de caprino do nordeste brasileiro
260 3 _aFortaleza, CE (Brasil):
_c1999.
300 _a2 p.
490 _aPesquisa em Andamento - EMBRAPA Agroindustria Tropical (Brazil)
_vno. 60
_x
650 _aCaprino
650 _aCarne
650 _aAnalise de Alimento
650 _aNordeste
909 _a202312
_bLúcia Elande
_c55
_dLúcia Elande
942 _2AGRIS
_n0
_cMS
999 _c290278
_d290278